| 000 | 00638nam a2200217Ia 4500 | ||
|---|---|---|---|
| 003 | OSt | ||
| 005 | 20250728150849.0 | ||
| 008 | 210210b1999 xxu||||| |||| 00| 0 eng d | ||
| 020 | _a81 86670 37 8 | ||
| 040 | _cAL | ||
| 041 | _aeng | ||
| 082 | _aK894.109 CHAK | ||
| 100 |
_aCHANDRAKALA (Nandavara). _996964 _dಚಂದ್ರಕಲಾ (ನಂದಾವರ) |
||
| 245 |
_aKayyarara Kavya. _bಕಯ್ಯಾರರ ಕಾವ್ಯ |
||
| 260 |
_aManagalagangothri _bMangaluru Vishwavidhynilaya _c1999 |
||
| 300 | _a98 | ||
| 650 |
_aPatragalu _996965 |
||
| 690 |
_aKannada Poetry Criticism _996966 |
||
| 906 | _a056320 | ||
| 942 |
_2ddc _cBK |
||
| 999 |
_c103836 _d103836 |
||